| 000 | 01020cam a2200301 a 4500 | ||
|---|---|---|---|
| 999 |
_c128384 _d128384 |
||
| 001 | 4258396 | ||
| 003 | ARRUPE | ||
| 005 | 20181012122514.0 | ||
| 008 | 840208s1984 nyub b 001 0 eng | ||
| 010 | _a 84001353 | ||
| 020 | _a0671440225 | ||
| 040 |
_aDLC _cDLC _dDLC |
||
| 043 | _aa-cb--- | ||
| 050 | 0 | 0 |
_aDS554.8 _b.S537 1984 |
| 082 | 0 | 0 |
_a959.6/04 _219 |
| 100 | 1 |
_aShawcross, William. _942939 |
|
| 245 | 1 | 4 |
_aThe quality of mercy : _bCambodia, Holocaust, and modern conscience / _cWilliam Shawcross. |
| 260 |
_aLondon : _bAndre Deutsch, _c1984. |
||
| 300 |
_a464 p. : _bmap on endpapers ; _c25 cm. |
||
| 500 | _aIncludes index. | ||
| 504 | _aBibliography: p. [434]-448. | ||
| 650 | 0 |
_zCambodia. _xPolitics and government _942940 |
|
| 651 | 0 |
_aCambodia _xHistory _y1975-1979. _942866 |
|
| 906 |
_a7 _bcbc _corignew _d1 _eocip _f19 _gy-gencatlg |
||
| 942 |
_2lcc _cMONOGRAPH |
||